| 000 -LEADER |
| fixed length control field |
01007cam a2200217 a 4500 |
| 020 ## - INTERNATIONAL STANDARD BOOK NUMBER |
| ISBN |
0631207074 |
| 020 ## - INTERNATIONAL STANDARD BOOK NUMBER |
| ISBN |
9780631207078 |
| 020 ## - INTERNATIONAL STANDARD BOOK NUMBER |
| ISBN |
0631207082 |
| 020 ## - INTERNATIONAL STANDARD BOOK NUMBER |
| ISBN |
9780631207085 |
| 040 ## - CATALOGING SOURCE |
| Transcribing agency |
DLC |
| 082 00 - DEWEY DECIMAL CLASSIFICATION NUMBER |
| Classification number |
591 FAO 1991 C156 Or. |
| 245 04 - TITLE STATEMENT |
| Title |
The development of animal behavior : |
| Remainder of title |
a reader / |
| 246 30 - VARYING FORM OF TITLE |
| Title proper/short title |
Animal behavior |
| 300 ## - PHYSICAL DESCRIPTION |
| Number of Pages |
xiv, 322 pages : |
| Other physical details |
illustrations ; |
| Dimensions |
26 cm |
| 520 ## - SUMMARY, ETC. |
| Summary, etc |
The Development of Animal Behavior brings together a collection of classic readings combined with a number of contemporary syntheses on the subject of behavioral development in animals. The carefully selected readings, together with a foreword by Patrick Bateson and editorial introductions, make The Development of Animal Behavior an invaluable resource for students and scholars who wish to engage with the study of animal behavioral development |
| 650 #0 - SUBJECT ADDED ENTRY--TOPICAL TERM |
| Topical Term |
Animal behavior |
| 650 #0 - SUBJECT ADDED ENTRY--TOPICAL TERM |
| Topical Term |
Developmental psychobiology |
| 700 1# - ADDED ENTRY--PERSONAL NAME |
| Personal name |
Bolhuis, Johan J |
| 700 1# - ADDED ENTRY--PERSONAL NAME |
| Personal name |
Hogan, Jerry A |
| 942 ## - ADDED ENTRY ELEMENTS (KOHA) |
| Koha item type |
ADB |
| 952 ## - LOCATION AND ITEM INFORMATION (KOHA) |
| Withdrawn status [LOCAL, KOHA] |
0 |